| 000 | 00548nam a22001337a 4500 | ||
|---|---|---|---|
| 005 | 20250909095502.0 | ||
| 008 | 250909b |||||||| |||| 00| 0 eng d | ||
| 040 | _cPK-LaUMT | ||
| 082 |
_a509.24 _bALB- |
||
| 245 |
_aAl-Buruni : commemorative volume : _bproceedings of the international congress held in Pakistan on hte occasion of Millenary of Abu Raihan Muhammad ibn al-Biruni November 26, 1973 thru December 12, 1973/ _cedited by Hakim Mohammad Said |
||
| 260 |
_aKarachi : _bHamdard National Foundation, _c1973 |
||
| 300 | _a844 p. | ||
| 942 | _cBK | ||
| 999 |
_c138511 _d138511 |
||